Most WWE Royal Rumble Elimination - Statistics

General Stats
  • This quiz has been taken 188 times
  • The average score is 23 of 45
Answer Stats
Year Wrestler Eliminations % Correct
2001 Kane 11
87%
2009 Triple H 6
78%
2008 Triple H 6
78%
2006 Triple H 6
78%
2002 The Undertaker 7
77%
2011 John Cena 7
76%
2021 Big E 4
74%
1991 Hulk Hogan 7
72%
1990 Hulk Hogan 6
72%
1989 Hulk Hogan 10
72%
2002 Steve Austin 7
72%
1999 Steve Austin 8
72%
1998 Steve Austin 7
72%
1997 Steve Austin 10
72%
2010 Shawn Michaels 6
69%
1996 Shawn Michaels 8
69%
1995 Shawn Michaels 8
69%
2019 Braun Strowman 5
65%
2017 Braun Strowman 7
65%
2016 Braun Strowman 5
65%
2021 Seth Rollins 4
64%
2009 Big Show 6
63%
2006 Rey Mysterio 6
55%
2011 CM Punk 7
54%
2005 Batista 6
53%
2015 Bray Wyatt 7
51%
2003 Chris Jericho 6
51%
2013 Sheamus 5
51%
1993 Yokozuna 7
46%
2022 AJ Styles 6
42%
1994 Diesel 7
40%
2007 The Great Khali 7
40%
2012 Cody Rhodes 6
39%
2004 Kurt Angle 6
38%
2013 Ryback 5
35%
2018 Finn Balor 4
29%
2004 Eddie Guerrero 6
24%
2000 rikishi 7
23%
2021 Damian Priest 4
18%
2020 Brock Lesner 13
17%
1989 One Man Gang 5
13%
2018 Roman Riegns 4
7%
2016 Roman Riegns 5
7%
2014 Roman Riegns 12
7%
1992 Sid Justice 6
6%
No matching quizzes found
Score Distribution
Percent of People with Each Score
Percentile by Number Answered
Your Score History
You have not taken this quiz